000 00627nam a2200217 a 4500
005 20240316063828.0
008 011116s2000 mx r 000 0 spa d
020 _a9506023972
035 _aUPN01000113951
049 _aCG
050 4 _aBF575 J4
_bL3.28
100 1 _aLachaud, Denise
245 1 0 _aCelos :
_bun estudio psicoanalítico de su diversidad /
_cDenise Lachaud ; tr. Beatriz Horrac.
260 _aBuenos Aires :
_bNueva Visión,
_cc2000.
300 _a125 p.
440 0 _aFreud-Lacan
650 4 _aCelos
_96538
650 4 _aPSICOANALISIS -
_xINVESTIGACION
_914148
650 4 _aEmociones
_939
905 _aLibro
999 _c87859
_d87859